| 000 | 00954 a2200217 4500 | ||
|---|---|---|---|
| 999 |
_c2408 _d2408 |
||
| 020 | _a9780226041988 | ||
| 050 | 0 | 0 | _aHN 398.E5 BEL 1994 |
| 100 | 1 |
_aBell, Michael. M _d1957- _eauthor |
|
| 245 | 1 | 0 |
_aChilderley : _bnature and morality in a country village / _cMichael Mayerfeld Bell ; illustrated by Christian Potter Drury. |
| 264 |
_aLondon: _bThe university of chicago press, _c1994 |
||
| 300 |
_axi, 279 p. : _bill. |
||
| 440 | 0 | _aMorality and society | |
| 500 | _aincludes index | ||
| 504 | _aIncludes bibliographical references | ||
| 650 | _aMoral conditions | ||
| 651 | 0 | _aHampshire (England) | |
| 856 | 4 | 2 |
_3Publisher description _uhttp://www.loc.gov/catdir/description/uchi052/93024209.html |
| 856 | 4 | 1 |
_3Table of contents _uhttp://www.loc.gov/catdir/toc/uchi051/93024209.html |
| 942 |
_2lcc _cBK _h398.E5 _iBEL _kHN |
||